Geography Quiz

Random Geography or City Quiz

Matching: US Cities per State Quiz Stats

 Plays Quiz Updated Sep 5, 2017

Also try: US Cities on a Map
Challenge
Share
Tweet
Score 0/12 Timer 04:00
0 Plays Today
% Correct
Houston
94.7%
San Francisco
93%
Jacksonville
91.4%
Buffalo
88.7%
Phoenix
80.4%
Toledo
79.5%
Knoxville
77.8%
Sitka
76.6%
Tacoma
70%
Richmond
67.4%
Greensboro
65.5%
Chicago
65.1%

You're not logged in!

Compare scores with friends on all Sporcle quizzes.
OR
Log In

You Might Also Like...

Show Comments

Extras

Top Quizzes Today


Score Distribution

Your Account Isn't Verified!

In order to create a playlist on Sporcle, you need to verify the email address you used during registration. Go to your Sporcle Settings to finish the process.

Report this User

Report this user for behavior that violates our Community Guidelines.

Details: